[Event "BCF-chT3 0708 (4NCL)"]
[Site "Sunningdale"]
[Date "2008.05.05"]
[Round "11"]
[White "Smith, Ivor BN"]
[Black "Roberts, David Llewelyn"]
[Result "1-0"]
[WhiteElo "2124"]
[BlackElo "2145"]
[PlyCount "85"]
[EventDate "2007.09.15"]
[EventType "team"]
[EventRounds "11"]
[EventCountry "ENG"]
[SourceTitle "EXT 2009"]
[Source "ChessBase"]
[SourceDate "2008.11.26"]
[SourceVersion "1"]
[SourceVersionDate "2008.11.26"]
[SourceQuality "1"]

1. e4 e5 2. Nf3 Nc6 3. c3 d5 4. Bb5 dxe4 5. Nxe5 Qd5 6. Qa4 Qxe5 7. Bxc6+ bxc6
8. Qxc6+ Kd8 9. Qxa8 Nf6 10. c4 Bc5 11. Nc3 Bxf2+ 12. Kxf2 Qd4+ 13. Ke1 Re8 14.
Nb5 Qxc4 15. Nxa7 Kd7 16. Nxc8 Rxc8 17. Qa5 Nd5 18. b3 Qd3 19. Qa4+ c6 20. Qc4
Re8 21. Rf1 f6 22. Rf2 Qxc4 23. bxc4 Nb4 24. Kf1 Nd3 25. Re2 f5 26. Re3 f4 27.
Rxd3+ exd3 28. Bb2 g5 29. Re1 Ra8 30. a3 g4 31. Kf2 h5 32. Re4 Rf8 33. Rd4+ Ke6
34. Rxd3 h4 35. h3 g3+ 36. Kf3 Rb8 37. Bd4 Kf5 38. Bc5 Rb1 39. Ke2 Ke4 40. Rf3
Rh1 41. Bd6 Kf5 42. Bxf4 Kg6 43. Rf1 1-0

[Event "BCF-chT3 0708 (4NCL)"]
[Site "Sunningdale"]
[Date "2008.05.05"]
[Round "11"]
[White "Burton, Graham P"]
[Black "James, Stephen"]
[Result "1-0"]
[WhiteElo "2064"]
[BlackElo "2018"]
[PlyCount "59"]
[EventDate "2007.09.15"]
[EventType "team"]
[EventRounds "11"]
[EventCountry "ENG"]
[SourceTitle "EXT 2009"]
[Source "ChessBase"]
[SourceDate "2008.11.26"]
[SourceVersion "1"]
[SourceVersionDate "2008.11.26"]
[SourceQuality "1"]

1. e4 e5 2. Nf3 Nc6 3. c3 d5 4. Qa4 Bd7 5. exd5 Nd4 6. Qd1 Nxf3+ 7. Qxf3 Nf6 8.
Bc4 Bd6 9. d3 b5 10. Bb3 Bg4 11. Qe3 O-O 12. h3 Bc8 13. Nd2 Bb7 14. Qf3 Re8 15.
O-O Qd7 16. Ne4 Nxd5 17. Ng5 c6 18. c4 bxc4 19. dxc4 h6 20. cxd5 hxg5 21. dxc6
Bxc6 22. Bxf7+ Qxf7 23. Qxc6 Bc7 24. Bxg5 Rac8 25. Qe4 Bb6 26. Be3 Rc4 27. Qd3
e4 28. Qb3 Bxe3 29. fxe3 Qe6 30. Rac1 1-0

[Event "NED-ch U13"]
[Site "Rijswijk"]
[Date "2008.05.03"]
[Round "9"]
[White "De Niet, Shotaro"]
[Black "Soeterbroek, Jaimy"]
[Result "1-0"]
[WhiteElo "1358"]
[BlackElo "1382"]
[PlyCount "69"]
[EventDate "2008.05.01"]
[EventType "swiss"]
[EventRounds "9"]
[EventCountry "NED"]
[SourceTitle "EXT 2010"]
[Source "ChessBase"]
[SourceDate "2009.11.30"]
[SourceVersion "1"]
[SourceVersionDate "2009.11.30"]
[SourceQuality "1"]

1. e4 e5 2. Nf3 Nc6 3. c3 Nf6 4. d4 exd4 5. e5 Qe7 6. cxd4 d6 7. Bb5 Bd7 8.
Bxc6 Bxc6 9. O-O Nd7 10. Re1 O-O-O 11. Bg5 Bxf3 12. Bxe7 Bxd1 13. Bxd8 Kxd8 14.
Rxd1 h5 15. Nc3 Kc8 16. Rac1 c6 17. Re1 d5 18. Nxd5 Kb8 19. Ne3 g5 20. Nf5 Bb4
21. Re2 h4 22. a3 Ba5 23. Nd6 Rh7 24. h3 Bc7 25. Ne4 Bb6 26. Nxg5 Rg7 27. Nf3
Kc7 28. d5 Nc5 29. d6+ Kd7 30. Nxh4 Nd3 31. Rd1 Nf4 32. Red2 Nxh3+ 33. Kf1 Nf4
34. g3 Ba5 35. b4 1-0

[Event "BCF-chT2 0708 (4NCL)"]
[Site "Sunningdale"]
[Date "2008.05.03"]
[Round "9"]
[White "Zeidler, Sven P"]
[Black "Granat, Russell"]
[Result "1-0"]
[WhiteElo "2230"]
[BlackElo "2278"]
[PlyCount "143"]
[EventDate "2007.09.15"]
[EventType "team"]
[EventRounds "11"]
[EventCountry "ENG"]
[SourceTitle "EXT 2009"]
[Source "ChessBase"]
[SourceDate "2008.11.26"]
[SourceVersion "1"]
[SourceVersionDate "2008.11.26"]
[SourceQuality "1"]

1. e4 Nc6 2. Nf3 e5 3. c3 d5 4. Qa4 Bd7 5. exd5 Nd4 6. Qd1 Nxf3+ 7. Qxf3 f5 8.
Bc4 Nf6 9. d4 e4 10. Qe2 Bd6 11. Bg5 O-O 12. Nd2 Qe8 13. O-O-O b5 14. Bb3 a5
15. f3 a4 16. Bc2 e3 17. Qxe3 Qxe3 18. Bxe3 Nxd5 19. Bf2 Kh8 20. a3 Nf4 21. g3
Nh3 22. Be1 Rae8 23. Bd3 Bc6 24. Bf1 Ng5 25. Bg2 Re2 26. Rg1 Rfe8 27. h4 Nf7
28. Nb1 Rxg2 29. Rxg2 Bxf3 30. Rg1 Bxd1 31. Kxd1 Nh6 32. Nd2 Ng4 33. Nf1 h6 34.
Rg2 g5 35. hxg5 hxg5 36. Bd2 Rg8 37. Nh2 Kh7 38. Nf3 Kh6 39. Ke2 Rg6 40. Kd3
Kh5 41. c4 bxc4+ 42. Kxc4 Nf6 43. Ne5 Bxe5 44. dxe5 Ng4 45. Re2 Re6 46. Kd5 Re8
47. e6 Kg6 48. Kc6 Nf6 49. Bc3 Re7 50. Bb4 Rh7 51. e7 Ne8 52. Kd7 Kf7 53. Re5
f4 54. gxf4 gxf4 55. Rf5+ Nf6+ 56. Kc6 Rh6 57. Rxf4 Ke8 58. Kb5 c6+ 59. Kxa4
Kd7 60. Rf5 Ne8 61. Ra5 Ke6 62. Ra8 Kf7 63. Rc8 Rh2 64. b3 Rh6 65. Bc5 Re6 66.
b4 Rh6 67. Ka5 Re6 68. a4 Rh6 69. Kb6 Re6 70. a5 Nf6 71. Rf8+ Kg6 72. Rxf6+ 1-0

[Event "Berlin Unicorn op"]
[Site "Berlin"]
[Date "2008.05.03"]
[Round "6"]
[White "Montavon, Gerard"]
[Black "Kropman, Alexei"]
[Result "1-0"]
[WhiteElo "2109"]
[BlackElo "1920"]
[PlyCount "75"]
[EventDate "2008.04.30"]
[EventType "swiss"]
[EventRounds "7"]
[EventCountry "GER"]
[SourceTitle "CBM 124 Extra"]
[Source "ChessBase"]
[SourceDate "2008.07.03"]
[SourceVersion "1"]
[SourceVersionDate "2008.07.03"]
[SourceQuality "1"]

1. e4 e5 2. Nf3 Nc6 3. c3 d5 4. Qa4 Qd6 5. Bb5 Bd7 6. exd5 Qxd5 7. O-O Be7 8.
d4 e4 9. c4 Qh5 10. Nfd2 Nf6 11. Nc3 Bd6 12. h3 O-O 13. Ndxe4 Nxe4 14. Nxe4
Bxh3 15. Bxc6 Bd7 16. Nxd6 Bxc6 17. Qa3 cxd6 18. Qxd6 Rad8 19. Qf4 Rfe8 20. d5
Bd7 21. Be3 Bf5 22. f3 Bd3 23. Rfc1 Re5 24. a3 Rde8 25. Bf2 Re2 26. Re1 h6 27.
Rxe2 Rxe2 28. b3 Qg6 29. g3 Qf6 30. Qxf6 gxf6 31. c5 Bb5 32. a4 Bd7 33. b4 Rd2
34. d6 Rb2 35. b5 Rc2 36. Re1 Be6 37. Be3 Ra2 38. c6 1-0

[Event "Wroclaw op"]
[Site "Wroclaw"]
[Date "2008.05.03"]
[Round "6"]
[White "Galazewski, Tomasz"]
[Black "Malaniuk, Vladimir P"]
[Result "1/2-1/2"]
[WhiteElo "2281"]
[BlackElo "2498"]
[PlyCount "30"]
[EventDate "2008.04.28"]
[EventType "swiss"]
[EventRounds "9"]
[EventCountry "POL"]
[SourceTitle "CBM 124 Extra"]
[Source "ChessBase"]
[SourceDate "2008.07.03"]
[SourceVersion "1"]
[SourceVersionDate "2008.07.03"]
[SourceQuality "1"]

1. e4 e5 2. Nf3 Nc6 3. c3 Nf6 4. d4 exd4 5. e5 Nd5 6. cxd4 d6 7. Bb5 Be7 8. O-O
O-O 9. Nc3 Nxc3 10. bxc3 dxe5 11. Bxc6 bxc6 12. Nxe5 Qd5 13. c4 Qe6 14. Qf3 Ba6
15. Qxc6 Bf6 1/2-1/2

[Event "Berlin Unicorn op"]
[Site "Berlin"]
[Date "2008.05.02"]
[Round "4"]
[White "Welz, Peter"]
[Black "Kunz, Andre"]
[Result "1-0"]
[WhiteElo "2147"]
[BlackElo "1915"]
[PlyCount "77"]
[EventDate "2008.04.30"]
[EventType "swiss"]
[EventRounds "7"]
[EventCountry "GER"]
[SourceTitle "CBM 124 Extra"]
[Source "ChessBase"]
[SourceDate "2008.07.03"]
[SourceVersion "1"]
[SourceVersionDate "2008.07.03"]
[SourceQuality "1"]

1. e4 e5 2. Nf3 Nc6 3. c3 Nf6 4. Qa4 a6 5. d4 Nxe4 6. d5 Nc5 7. Qc2 e4 8. Ng5
Ne5 9. Nxe4 Qh4 10. Ng3 d6 11. b4 Ncd7 12. f4 Ng4 13. Bd3 Nxh2 14. Qf2 Nf6 15.
Kd1 Bg4+ 16. Kc2 Nxd5 17. Ne4 Qe7 18. Rxh2 f5 19. Ng5 O-O-O 20. Rh1 Qf6 21. a3
h6 22. Nf3 Kb8 23. Re1 c5 24. Bb2 Nxf4 25. Bf1 Rc8 26. c4 Qf7 27. Nh2 Ne6 28.
Nxg4 Nd4+ 29. Bxd4 cxd4 30. Nh2 g5 31. Nd2 Bg7 32. Bd3 b5 33. Qxf5 Qc7 34. Qd5
bxc4 35. Nxc4 Rhf8 36. Kb3 Be5 37. Nf3 Bg3 38. Rec1 Ka7 39. Qxd4+ 1-0

[Event "Eger Tavasz op"]
[Site "Eger"]
[Date "2008.05.01"]
[Round "1"]
[White "Papp Zoltan, Csaba"]
[Black "Czimer, Jozsef"]
[Result "1-0"]
[WhiteElo "2244"]
[BlackElo "1855"]
[PlyCount "143"]
[EventDate "2008.05.01"]
[EventType "swiss"]
[EventRounds "7"]
[EventCountry "HUN"]
[SourceTitle "EXT 2011"]
[Source "ChessBase"]
[SourceDate "2010.11.26"]
[SourceVersion "1"]
[SourceVersionDate "2010.11.26"]
[SourceQuality "1"]

1. e4 e5 2. Nf3 Nc6 3. c3 Nf6 4. d4 Nxe4 5. d5 Ne7 6. Bd3 Nc5 7. Nxe5 Nxd3+ 8.
Qxd3 f6 9. Nf3 d6 10. O-O c5 11. dxc6 bxc6 12. Re1 Kf7 13. Nbd2 Bb7 14. Nd4 Qd7
15. Ne6 Bc8 16. Ne4 Ng6 17. Nxf8 Rxf8 18. Qxd6 Rd8 19. Qxd7+ Rxd7 20. Be3 a5
21. Rad1 Rxd1 22. Rxd1 Be6 23. b3 a4 24. Nc5 axb3 25. axb3 Ra3 26. c4 Bf5 27.
h3 Ne7 28. Rd8 h5 29. Rb8 g5 30. Rb7 Ra1+ 31. Kh2 Rd1 32. b4 Ke8 33. Nb3 Be6
34. Na5 Bd7 35. Bc5 Re1 36. Rb8+ Kf7 37. Rh8 h4 38. Rh7+ Ke8 39. Nb7 Nf5 40.
Rh8+ Kf7 41. Rf8+ Kg7 42. Rb8 Re8 43. Rxe8 Bxe8 44. Na5 Kf7 45. Kg1 Ke6 46. Kf1
Nd6 47. Bxd6 Kxd6 48. Ke2 Ke5 49. Kd3 f5 50. Nb3 g4 51. Nd4 Kf4 52. Ne2+ Ke5
53. Ke3 Bf7 54. c5 Bc4 55. Nf4 Bf7 56. f3 gxh3 57. gxh3 Be8 58. Ng2 Kd5 59. Kd3
f4 60. Nxf4+ Ke5 61. Ng2 Bg6+ 62. Kc3 Bf5 63. Nxh4 Bxh3 64. Ng6+ Kf6 65. Nf4
Bf1 66. Kd4 Kf5 67. Nd3 Be2 68. Ke3 Bd1 69. f4 Bb3 70. Ne5 Ba4 71. Nc4 Bb5 72.
Nd6+ 1-0

[Event "corr 40.DFM/V9 Server"]
[Site "www.remoteschach.de"]
[Date "2008.04.28"]
[Round "?"]
[White "Anderskewitz, Ralf"]
[Black "Raessler, Arndt"]
[Result "1/2-1/2"]
[WhiteElo "2318"]
[BlackElo "2361"]
[PlyCount "48"]
[EventDate "2008.??.??"]
[SourceTitle "OM Corr 202003"]
[Source "Opening Master"]
[SourceDate "2019.05.30"]
[SourceVersion "2"]
[SourceVersionDate "2019.05.30"]
[SourceQuality "1"]

1. e4 e5 2. Nf3 Nc6 3. c3 d5 4. Qa4 Bd7 5. exd5 Nd4 6. Qd1 Nxf3+ 7. Qxf3 Nf6 8.
Bc4 e4 9. Qe2 Bd6 10. d4 O-O 11. Bg5 h6 12. Bh4 b5 13. Bxb5 Bxb5 14. Qxb5 g5
15. Bg3 Rb8 16. Qe2 Nxd5 17. O-O f5 18. Bxd6 Qxd6 19. Na3 Nxc3 20. bxc3 Qxa3
21. Qc4+ Rf7 22. Rab1 Rb6 23. h3 Qd6 24. Rxb6 cxb6 1/2-1/2

[Event "corr 40.DFM/V9 Server"]
[Site "www.remoteschach.de"]
[Date "2008.04.28"]
[Round "?"]
[White "Anderskewitz, Ralf"]
[Black "Wolf, Wolfgang"]
[Result "1-0"]
[WhiteElo "2318"]
[BlackElo "2404"]
[PlyCount "105"]
[EventDate "2008.??.??"]
[SourceTitle "OM Corr 202003"]
[Source "Opening Master"]
[SourceDate "2019.05.30"]
[SourceVersion "2"]
[SourceVersionDate "2019.05.30"]
[SourceQuality "1"]

1. e4 e5 2. Nf3 Nc6 3. c3 d5 4. Qa4 Bd7 5. exd5 Nd4 6. Qd1 Nxf3+ 7. Qxf3 Nf6 8.
Bc4 e4 9. Qe2 Bd6 10. d4 h6 11. Bb3 O-O 12. c4 Ng4 13. Nc3 Re8 14. Be3 b6 15.
h3 Nxe3 16. fxe3 Bg3+ 17. Kd2 Qg5 18. Raf1 a6 19. Kc1 Rab8 20. Kb1 Re7 21. h4
Qg6 22. Bc2 Bg4 23. Qd2 f5 24. Bb3 Kh7 25. Ne2 Bxe2 26. Qxe2 Rd7 27. h5 Qg5 28.
Rc1 Rdd8 29. c5 bxc5 30. dxc5 Be5 31. Rc2 Rb5 32. Rd1 Kh8 33. d6 cxd6 34. c6
Rc8 35. Be6 Rc7 36. Rf1 Qe7 37. Bxf5 d5 38. Bd7 Qd6 39. Qf2 Rb8 40. Rd1 Bf6 41.
Qd2 Qa3 42. g4 Be5 43. Qf2 Qd6 44. Qf5 a5 45. a3 Rd8 46. Qg6 Rb8 47. Bf5 Qxg6
48. hxg6 d4 49. exd4 Bd6 50. Re1 Re7 51. Rxe4 Rxe4 52. Bxe4 Re8 53. c7 1-0

[Event "HUN-chT2 Toth 0708"]
[Site "Hungary"]
[Date "2008.04.27"]
[Round "10"]
[White "Vass, Szabolcs"]
[Black "Terbe, Julianna"]
[Result "0-1"]
[WhiteElo "1680"]
[BlackElo "1754"]
[PlyCount "186"]
[EventDate "2007.10.14"]
[EventType "team"]
[EventRounds "11"]
[EventCountry "HUN"]
[SourceTitle "EXT 2009"]
[Source "ChessBase"]
[SourceDate "2008.11.26"]
[SourceVersion "1"]
[SourceVersionDate "2008.11.26"]
[SourceQuality "1"]
[WhiteTeam "Mako II"]
[BlackTeam "Karcag"]
[WhiteTeamCountry "HUN"]
[BlackTeamCountry "HUN"]

1. e4 e5 2. Nf3 Nc6 3. c3 Nf6 4. d3 d5 5. exd5 Nxd5 6. c4 Nf6 7. Nc3 Bb4 8. Bd2
Bf5 9. a3 Bxc3 10. Bxc3 O-O 11. Be2 Re8 12. O-O Bxd3 13. Bxd3 e4 14. Bxf6 Qxf6
15. Bxe4 Rxe4 16. b3 Rd8 17. Qc2 Rg4 18. Qe2 h5 19. h3 Rg6 20. Rad1 Nd4 21.
Nxd4 Rxd4 22. Rxd4 Qxd4 23. Qxh5 Qe4 24. f3 Qd4+ 25. Kh1 Qb2 26. Rg1 Qxa3 27.
Qb5 Rb6 28. Qe8+ Qf8 29. Qe3 a6 30. Rd1 Re6 31. Qf4 Qe7 32. Kh2 Rb6 33. Rd3 Rg6
34. Rd2 Rb6 35. Rd3 Rb4 36. Qd2 Rb6 37. Rd8+ Kh7 38. Qd7 Qe6 39. Qd3+ g6 40.
Rd5 Qf6 41. c5 Rc6 42. b4 Qf4+ 43. g3 Qxb4 44. h4 Rxc5 45. Rd7 Qb2+ 46. Kh3 Qf6
47. Qe4 Re5 48. Qd3 Rc5 49. g4 Rc3 50. Rxf7+ Qxf7 51. Qxc3 b5 52. Kg3 Qd7 53.
Qb3 c5 54. Qa2 Qd6+ 55. Kh3 c4 56. Qf2 Qc7 57. Qc2 Qd7 58. Qc3 Qd3 59. Qf6 Qd7
60. Qc3 Qc7 61. Qc2 Qc6 62. Qe2 Qd6 63. Qe3 Qc7 64. Qe4 c3 65. h5 Qg7 66. hxg6+
Qxg6 67. Qe7+ Qg7 68. Qe4+ Kh8 69. Qe8+ Qg8 70. Qe5+ Qg7 71. Qe8+ Kh7 72. Qe4+
Kh6 73. Qe3+ Kg6 74. Qe4+ Kf7 75. Qf5+ Ke7 76. Qe4+ Kd6 77. Qb4+ Kc6 78. Qe4+
Kb6 79. Qe6+ Kc5 80. Qa2 Kb4 81. Qb1+ Kc4 82. Qa2+ Kd3 83. Qd5+ Qd4 84. Qf5+
Kd2 85. Qg5+ Kc2 86. Qg8 Kb2 87. Qc8 c2 88. Qxa6 Qh8+ 89. Kg2 Qe5 90. Qa5 c1=Q
91. Qb4+ Ka1 92. Qa5+ Kb1 93. Qb4+ Qcb2+ 0-1

[Event "LSS BI-2008-P-00017"]
[Site "LSS email"]
[Date "2008.04.27"]
[Round "?"]
[White "Senis, Enrico"]
[Black "Garmatz, Walter Eduardo Zenk"]
[Result "1-0"]
[WhiteElo "1408"]
[BlackElo "1624"]
[PlyCount "71"]
[EventDate "2008.04.27"]
[EventType "tourn (corr)"]
[EventRounds "10"]
[SourceTitle "OM Corr 202003"]
[Source "Opening Master"]
[SourceDate "2019.05.30"]
[SourceVersion "2"]
[SourceVersionDate "2019.05.30"]
[SourceQuality "1"]

1. e4 e5 2. Nf3 Nc6 3. c3 Nf6 4. d4 d6 5. Bd3 Bg4 6. d5 Ne7 7. h3 Bd7 8. Be3 c6
9. dxc6 bxc6 10. Nbd2 Ng6 11. O-O Be7 12. Qc2 O-O 13. Rfd1 Nh5 14. Bc4 Nhf4 15.
Re1 Be6 16. Bxe6 fxe6 17. Rad1 Qc7 18. c4 Rac8 19. b3 d5 20. Bxf4 exf4 21. exd5
exd5 22. Qd3 Rcd8 23. Nd4 Qb6 24. N2f3 Rf6 25. Qc2 Bb4 26. Re6 Rdf8 27. cxd5
Rxe6 28. Nxe6 Rf6 29. dxc6 Rxe6 30. c7 Ne7 31. Rd8+ Kf7 32. Ng5+ Kf6 33. Nxh7+
Ke5 34. c8=Q Nxc8 35. Qe2+ Kf5 36. Qh5+ 1-0

[Event "BI-2008-P-00017"]
[Site "Lechenicher SchachServer"]
[Date "2008.04.27"]
[Round "?"]
[White "Senis, Enrico"]
[Black "Udvari, Norbert"]
[Result "0-1"]
[WhiteElo "1389"]
[BlackElo "2014"]
[PlyCount "24"]
[EventDate "2008.04.27"]
[SourceTitle "OM Corr 202003"]
[Source "Opening Master"]
[SourceDate "2019.05.30"]
[SourceVersion "2"]
[SourceVersionDate "2019.05.30"]
[SourceQuality "1"]

1. e4 e5 2. Nf3 Nc6 3. c3 Nf6 4. d4 d5 5. Bb5 exd4 6. e5 Ne4 7. Nxd4 Bc5 8.
Nxc6 Bxf2+ 9. Kf1 bxc6 10. Bxc6+ Bd7 11. Qxd5 O-O 12. Qxd7 Qh4 0-1

[Event "La Laguna op2"]
[Site "S Cristobal de la Laguna ESP"]
[Date "2008.04.26"]
[Round "7.23"]
[White "Rodriguez Lorenzo, Yadira"]
[Black "Martin Luis, Cesar"]
[Result "0-1"]
[WhiteElo "1950"]
[BlackElo "2184"]
[PlyCount "88"]
[EventDate "2008.04.21"]
[EventRounds "9"]
[EventCountry "BRA"]
[SourceTitle "OM OTB B 201907"]
[Source "Opening Master"]
[SourceDate "2019.07.06"]
[SourceVersion "2"]
[SourceVersionDate "2019.07.06"]
[SourceQuality "1"]

1. e4 e5 2. Nf3 Nc6 3. c3 Nf6 4. d4 d6 5. Bb5 Bd7 6. d5 Ne7 7. Bd3 g6 8. O-O
Bg7 9. Ne1 Nh5 10. g3 Bh3 11. Ng2 O-O 12. Na3 f5 13. exf5 Nxf5 14. Bxf5 Rxf5
15. g4 Bxg2 16. gxf5 Bxf1 17. fxg6 hxg6 18. Qxf1 Qh4 19. Qg2 Rf8 20. Bg5 Qa4
21. Re1 Rf5 22. Bc1 Nf4 23. Bxf4 Qxf4 24. Kf1 Rg5 25. Qh3 Rh5 26. Qg3 Qh6 27.
Nc4 Rxh2 28. Ne3 Rh4 29. Ke2 Qh5+ 30. Kd3 Rh3 31. Qg2 Bh6 32. Rg1 Kh7 33. Qg4
Qxg4 34. Rxg4 Bxe3 35. fxe3 Rf3 36. Ra4 a6 37. Rb4 b6 38. a4 g5 39. Rc4 Rf7 40.
a5 bxa5 41. Ra4 Kg6 42. Rxa5 g4 43. Rxa6 g3 44. Ra8 g2 0-1

[Event "NED-ch U21"]
[Site "Venlo"]
[Date "2008.04.25"]
[Round "1"]
[White "Van Opheusden, Bas"]
[Black "Pruijssers, Roeland"]
[Result "0-1"]
[WhiteElo "2169"]
[BlackElo "2413"]
[PlyCount "38"]
[EventDate "2008.04.25"]
[EventType "swiss"]
[EventRounds "9"]
[EventCountry "NED"]
[SourceTitle "CBM 123 Extra"]
[Source "ChessBase"]
[SourceDate "2008.05.06"]
[SourceVersion "1"]
[SourceVersionDate "2008.05.06"]
[SourceQuality "1"]

1. e4 e5 2. Nf3 Nc6 3. c3 f5 4. d4 fxe4 5. Nxe5 Nf6 6. Bg5 d6 7. Nxc6 bxc6 8.
d5 Be7 9. dxc6 d5 10. Be2 Rb8 11. Nd2 Qd6 12. O-O Qxc6 13. f3 Rxb2 14. fxe4
dxe4 15. Nb3 O-O 16. Bc1 Rxe2 17. Nd4 Qxc3 18. Qxe2 Qxd4+ 19. Be3 Qa4 0-1

[Event "Japfa (Women)"]
[Site "Jakarta"]
[Date "2008.04.20"]
[Round "10"]
[White "Krivec, Jana"]
[Black "Sukandar, Irine Kharisma"]
[Result "1/2-1/2"]
[WhiteElo "2362"]
[BlackElo "2243"]
[PlyCount "47"]
[EventDate "2008.04.15"]
[EventType "tourn"]
[EventRounds "10"]
[EventCountry "INA"]
[EventCategory "3"]
[SourceTitle "CBM 123 Extra"]
[Source "ChessBase"]
[SourceDate "2008.05.06"]
[SourceVersion "1"]
[SourceVersionDate "2008.05.06"]
[SourceQuality "1"]

1. e4 e5 2. Nf3 Nc6 3. c3 Nf6 4. d4 Nxe4 5. d5 Ne7 6. Nxe5 Ng6 7. Qd4 Qf6 8.
Qxe4 Qxe5 9. Qxe5+ Nxe5 10. Bf4 d6 11. Na3 a6 12. O-O-O Be7 13. Re1 f6 14. Bg3
Kf7 15. f4 Ng6 16. h4 h5 17. Nc2 f5 18. Nd4 Nf8 19. Bf2 Bd7 20. Bd3 g6 21. Nf3
Nh7 22. Bd4 Rhe8 23. Ng5+ Nxg5 24. hxg5 1/2-1/2

[Event "ZN-2008-0-00452"]
[Site "Lechenicher SchachServer"]
[Date "2008.04.20"]
[Round "?"]
[White "Bester, Kazimierz"]
[Black "Fenn, Adam"]
[Result "1-0"]
[WhiteElo "719"]
[BlackElo "893"]
[PlyCount "29"]
[EventDate "2008.04.19"]

1. e4 e5 2. Nf3 Nc6 3. c3 Nf6 4. d3 d5 5. exd5 Qxd5 6. Qa4 Bg4 7. c4 Qd7 8.
Nbd2 e4 9. dxe4 Nb4 10. Qxd7+ Nxd7 11. Nd4 Bc5 12. N2b3 Nc2+ 13. Nxc2 Bd6 14.
Be3 O-O 15. f3 1-0

[Event "HUN-chT2 Toth 0809"]
[Site "Hungary"]
[Date "2008.04.19"]
[Round "11.12"]
[White "Juhasz, Barbara"]
[Black "Botta, Tibor Jr"]
[Result "1-0"]
[WhiteElo "1755"]
[BlackElo "1690"]
[PlyCount "89"]
[EventDate "2008.10.26"]
[EventType "team-tourn"]
[EventRounds "11"]
[EventCountry "HUN"]
[SourceTitle "EXT 2010"]
[Source "ChessBase"]
[SourceDate "2009.11.30"]
[SourceVersion "1"]
[SourceVersionDate "2009.11.30"]
[SourceQuality "1"]
[WhiteTeam "Toth Laszlo"]
[BlackTeam "Takisz"]
[WhiteTeamCountry "HUN"]
[BlackTeamCountry "HUN"]

1. e4 e5 2. Nf3 Nc6 3. c3 Bc5 4. d4 exd4 5. cxd4 Bb6 6. Nc3 d6 7. Be3 Nge7 8.
Qd2 O-O 9. Be2 Kh8 10. O-O f5 11. e5 dxe5 12. dxe5 Bxe3 13. Qxe3 Nb4 14. Qc5
Nbc6 15. Rad1 Qe8 16. Nb5 b6 17. Qc3 Qf7 18. Nxc7 Rb8 19. Bc4 Qg6 20. Rd6 Qh5
21. Nd5 f4 22. Nxe7 Nxe7 23. Be6 Bxe6 24. Rxe6 Rbc8 25. Qa3 Ng6 26. Qd3 Rfd8
27. Rd6 Rxd6 28. exd6 Ne5 29. Nxe5 Qxe5 30. d7 Rd8 31. Qd2 h6 32. Re1 Qf6 33.
Re8+ Kh7 34. Qd3+ g6 35. Qd5 h5 36. Rxd8 Qxd8 37. Qf7+ Kh6 38. Qxf4+ Kg7 39.
Qd4+ Kg8 40. h3 Kh7 41. Qd5 a5 42. g3 Kg7 43. h4 Kh7 44. Qf7+ Kh6 45. Qe8 1-0

[Event "ROM-ch U10 Boys"]
[Site "Voineasa"]
[Date "2008.04.14"]
[Round "4"]
[White "Stavila, Radu Adrian"]
[Black "Lenghel, Cosmin"]
[Result "0-1"]
[WhiteElo "440"]
[BlackElo "401"]
[PlyCount "60"]
[EventDate "2008.04.08"]
[EventType "swiss"]
[EventRounds "9"]
[EventCountry "ROU"]
[SourceTitle "EXT 2013"]
[Source "ChessBase"]
[SourceDate "2012.11.22"]
[SourceVersion "1"]
[SourceVersionDate "2012.11.22"]
[SourceQuality "1"]

1. e4 e5 2. Nf3 Nc6 3. c3 Nf6 4. d4 exd4 5. cxd4 Nxe4 6. Qe2 Qe7 7. d5 Nb4 8.
Nc3 Nxc3 9. Qxe7+ Bxe7 10. Nd4 Ncxd5 11. Bc4 c6 12. O-O b5 13. Bxd5 Nxd5 14.
Re1 O-O 15. Bd2 Ba6 16. b4 c5 17. bxc5 Bxc5 18. Nb3 Bb6 19. Re4 Nf6 20. Ree1
Ng4 21. Be3 Rfe8 22. Bxb6 Rxe1+ 23. Rxe1 axb6 24. h3 Nf6 25. a3 d5 26. g3 Rc8
27. Kg2 Rc3 28. Rb1 d4 29. Nxd4 Rxa3 30. Nxb5 Ra5 0-1

[Event "Gausdal op-A"]
[Site "Gausdal"]
[Date "2008.04.10"]
[Round "3"]
[White "Soderberg, Per"]
[Black "Roussel Roozmon, Thomas"]
[Result "1/2-1/2"]
[WhiteElo "2195"]
[BlackElo "2489"]
[PlyCount "38"]
[EventDate "2008.04.08"]
[EventType "swiss"]
[EventRounds "9"]
[EventCountry "NOR"]
[SourceTitle "CBM 123 Extra"]
[Source "ChessBase"]
[SourceDate "2008.05.06"]
[SourceVersion "1"]
[SourceVersionDate "2008.05.06"]
[SourceQuality "1"]

1. e4 e5 2. Nf3 Nc6 3. c3 d5 4. Qa4 f6 5. Bb5 Nge7 6. exd5 Qxd5 7. O-O e4 8. c4
Qd8 9. d4 exf3 10. d5 Bd7 11. dxc6 Nxc6 12. Rd1 Be7 13. Nc3 O-O 14. c5 Kh8 15.
Bxc6 bxc6 16. Qd4 Be6 17. Qe4 Qc8 18. Re1 Bd7 19. Be3 Re8 1/2-1/2

[Event "CRO-chT2"]
[Site "Umag CRO"]
[Date "2008.04.06"]
[Round "2.23"]
[White "Grbac, Boris"]
[Black "Terlevic, Mladen"]
[Result "0-1"]
[WhiteElo "2114"]
[BlackElo "1942"]
[PlyCount "80"]
[EventDate "2008.04.05"]
[EventRounds "9"]
[EventCountry "CRO"]
[SourceTitle "OM OTB B 201907"]
[Source "Opening Master"]
[SourceDate "2019.07.06"]
[SourceVersion "2"]
[SourceVersionDate "2019.07.06"]
[SourceQuality "1"]

1. e4 e5 2. Nf3 Nc6 3. c3 d6 4. d4 Nf6 5. d5 Ne7 6. Bd3 Ng6 7. c4 Bg4 8. h3 Bd7
9. Nc3 Be7 10. Be3 O-O 11. Qd2 Nh5 12. Ne2 f5 13. exf5 Bxf5 14. Ng5 Nhf4 15.
Bxf5 Nxg2+ 16. Kd1 Nxe3+ 17. fxe3 Bxg5 18. Qd3 Qf6 19. Rf1 Kh8 20. Kc2 Ne7 21.
Bxh7 Qh6 22. Be4 Bxe3 23. Ng3 Qg5 24. Ne2 Rf6 25. Rxf6 gxf6 26. Rf1 Rg8 27. Rf3
Bf4 28. Nxf4 exf4 29. Qe2 Qe5 30. Rf2 Rg3 31. Bd3 Kg7 32. Qf1 Nf5 33. Bxf5
Qxf5+ 34. Kc1 f3 35. Qe1 Qf4+ 36. Kb1 Qe5 37. Qf1 Qe4+ 38. Kc1 Rg2 39. Rd2 Qe3
40. Qd3 Qxd3 0-1

[Event "OP-2008-0-00509"]
[Site "Lechenicher SchachServer"]
[Date "2008.04.02"]
[Round "?"]
[White "Campbell, Iain"]
[Black "Murphy, Jones"]
[Result "0-1"]
[WhiteElo "1503"]
[BlackElo "1340"]
[PlyCount "40"]
[EventDate "2008.03.30"]

1. e4 e5 2. Nf3 Nc6 3. c3 Nf6 4. d4 Nxe4 5. d5 Ne7 6. Nxe5 Ng6 7. Qd4 Qf6 8.
Qxe4 Qxe5 9. Qxe5+ Nxe5 10. Be2 d6 11. O-O Bf5 12. Nd2 O-O-O 13. Nb3 Be7 14.
Nd4 Bd7 15. a4 Bf6 16. Nb5 Kb8 17. Be3 a6 18. Nd4 Ng4 19. Nc2 Rde8 20. Bxg4
Bxg4 0-1